00711nam a2200181 a 450000100100000000500170001000800410002704000250006808200150009310000280010824500560013626000370019230000210022959000760025050400730032695201130039999900170051200003541420200930074326.0111031s1958 ag 000 0 spa d aDO-SdBNPbspacBNPHU axxxxbxxxx1 aKechekian, S. F.96124610aHistoria de las ideas politicas /cS. F. Kechekian. aBuenos Aires, :bCartago,c1958. a688 p. ;c27 cm. aPerteneció a la biblioteca personal de Juan Isidro Jimenes Grullón. aIncluye referencias bibliográficas y notas al pie de las páginas 001050718RVaGRbGRcHDd2011-10-31iLF1l0oxxxx xxxxp35414-10r2020-06-25w2020-06-25y1ZNo se presta c34905d34905